000 00404nam a22001697a 4500
003 MPLRDC
005 20220104165037.0
008 210129b ||||| |||| 00| 0 eng d
020 _a0-14-031710-4
082 _a859.6 LIV
100 _aIVAN LIVINGSTONE
245 _aFREEWAY FIGHTER
_c
260 _a
_bPUFFIN BOOKS
_c1985
300 _b
650 _aCHILDREN LITERATURE
942 _cBK
_o859.6 LIV
999 _c57272
_d57262